Lecturas de metodología de las ciencias sociales. Texto de apoyo a los estudiantes /

保存先:
書誌詳細
第一著者: Bengoechea, Sonia
団体著者: Instituto de Investigaciones Politicas y Sociales. Escuela de Ciencia Política. Universidad de San Carlos de Guatemala
その他の著者: Cortés, Fernando Zemelman, Hugo Luengo, Enrique Marcos, Patricio Eisner, Elliot W. Friedrich, Walter Vetter, Berndt Tecla J., Alfredo de Schutter, Antón Aceves Lozano, Jorge E. Giglia, Angela Pensado Leglise, Patricia Camare
フォーマット: テキスト
出版事項: s.l.: Foto publicaciones
主題:
タグ: タグ追加
タグなし, このレコードへの初めてのタグを付けませんか!

MARC

LEADER 00000 a a2200000 04500
001 31632
003
040
090 |a 199104  
100 |a Bengoechea, Sonia  
110 |a Instituto de Investigaciones Politicas y Sociales. Escuela de Ciencia Política. Universidad de San Carlos de Guatemala  
245 |a Lecturas de metodología de las ciencias sociales. Texto de apoyo a los estudiantes /  |c Sonia Bengoechea  
260 |a s.l.:   |b Foto publicaciones  
300 |a 250 p.  
650 |a INVESTIGACION SOCIAL  
650 |a TEORIA SOCIAL  
650 |a SOCIOLOGIA  
650 |a METODOS DE INVESTIGACION  
700 |a Cortés, Fernando   |a Zemelman, Hugo   |a Luengo, Enrique   |a Marcos, Patricio   |a Eisner, Elliot W.   |a Friedrich, Walter   |a Vetter, Berndt   |a Tecla J., Alfredo   |a de Schutter, Antón   |a Aceves Lozano, Jorge E.   |a Giglia, Angela   |a Pensado Leglise, Patricia   |a Camare  
999 |c 9777  |d 9777